Διερεύνηση των επιπτώσεων δενδρωδών καλλιεργειών στην ποιότητα του εδάφους : διατριβή

Αποθηκεύτηκε σε:
Λεπτομέρειες βιβλιογραφικής εγγραφής
Κύριος συγγραφέας: Σταυροπούλου, Μαυρέτα
Συγγραφή απο Οργανισμό/Αρχή: Πανεπιστήμιο Αιγαίου Σχολή Περιβάλλοντος Τμήμα Περιβάλλοντος Πρόγραμμα Μεταπτυχιακών Σπουδών Γεωργία και Περιβάλλον
Άλλοι συγγραφείς: Γιούργα, Χριστίνα (dgsf)
Μορφή: Thesis Βιβλίο
Γλώσσα:Greek
Δημοσίευση: 2008.
Θέματα:
Διαθέσιμο Online:http://hdl.handle.net/11610/15387
Ετικέτες: Προσθήκη ετικέτας
Δεν υπάρχουν, Καταχωρήστε ετικέτα πρώτοι!

MARC

LEADER 00000cam a2200000 i 4500
001 1/1092
008 090826s2008 gr | ||| |||| ||gre||
035 |l 10105471 
040 |a GR-MyUa  |b gre  |e AACR2 
041 0 |a gre 
082 7 |a 631.4   |2 (22) 
100 1 |a Σταυροπούλου, Μαυρέτα. 
245 1 0 |a Διερεύνηση των επιπτώσεων δενδρωδών καλλιεργειών στην ποιότητα του εδάφους :   |b διατριβή /   |c Σταυροπούλου Μαυρέτα ; επιβλέπουσα καθηγήτρια: Χριστίνα Γιούργα. 
260 |c 2008. 
300 |a 81 σ. :   |b σχεδ. ;   |c 30 εκ. 
502 |a Διατριβή (μεταπτυχιακή) – Πανεπιστήμιο Αιγαίου, Λέσβος, 2008. 
504 |a Βιβλιογραφία: σ. 66-77. 
650 0 0 |a Soils  |x Research. 
650 0 0 |a Soils  |x Quality  |x Research. 
650 0 0 |a Plant-soil relationships. 
650 0 0 |a Crops and soils. 
650 0 0 |a Tree crops. 
650 0 0 |a Dissertations, Academic  |z Greece. 
700 1 |a Γιούργα, Χριστίνα,  |e dgsf 
710 2 |a Πανεπιστήμιο Αιγαίου  |b Σχολή Περιβάλλοντος  |b Τμήμα Περιβάλλοντος  |b Πρόγραμμα Μεταπτυχιακών Σπουδών Γεωργία και Περιβάλλον. 
852 |a INST  |b LESVOS  |c DIATR  |e 20090826  |h 273  |p 005100045120  |q 005100045120  |t MTXE  |y 23 
852 |a INST  |b LESVOS  |c DIATR  |e 20090826  |h 274  |p 005100045121  |q 005100045121  |t MTXE  |y 23 
856 |u http://hdl.handle.net/11610/15387 
901 |a BIBL1-2009-2 
924 |a Σταυροπούλου  |b Μαυρέτα  |y Λέσβος  |z 2009-02 
970 |a ΤΖΑΦΕΡΗ  |b ΕΥΑΓΓΕΛΙΑ  |z 2009/08/26